Drapeaux des Caraïbes - Statistiques

Statistiques générales
  • Ce quiz a été pris 965 fois
  • Le résultat moyen est 17 sur 29
Statistiques - réponses
Par images Réponse % Correct
Jamaïque
92%
Cuba
91%
Barbade
90%
Haïti
88%
Sainte-Lucie
87%
Dominique
85%
République dominicaine
84%
Antigua-et-Barbuda
83%
Bahamas
81%
Trinité-et-Tobago
81%
Saint-Vincent-et-les-Grenadines
77%
Grenade
76%
Saint-Christophe-et-Niévès
70%
Guadeloupe
69%
Porto Rico
66%
Martinique
55%
Saint-Martin (Pays-Bas)
45%
Curaçao
43%
Aruba
42%
Îles Vierges britanniques
39%
Îles Vierges des États-Unis
39%
Saint-Barthélemy
33%
Anguilla
31%
Montserrat
31%
Bonaire
29%
Îles Caïmans
26%
Saba
20%
Saint-Eustache
20%
Îles Turques-et-Caïques
17%
Aucun quiz correspondant
Distribution des résultats
% des personnes avec chaque résultat
Percentile par nombre de réponses
Votre historique - résultats
Vous n’avez pas pris ce quiz